| 000 | 01628cam a22004094a 4500 | ||
|---|---|---|---|
| 999 |
_c529526 _d529526 |
||
| 001 | 16797711 | ||
| 003 | NUST | ||
| 005 | 20190927105017.0 | ||
| 008 | 110523s2012 nju b 001 0 eng | ||
| 010 | _a 2011021837 | ||
| 016 | 7 |
_a101561238 _2DNLM |
|
| 016 | 7 |
_a015841356 _2Uk |
|
| 020 | _a9780470438305 (pbk. : alk. paper) | ||
| 020 | _a0470438304 (pbk. : alk. paper) | ||
| 035 | _a(OCoLC)ocn727303287 | ||
| 038 | _awaseem | ||
| 040 |
_aDNLM/DLC _cDLC _dYDX _dNLM _dYDXCP _dCDX _dUKMGB _dCLU _dBDX _dDLC |
||
| 042 | _apcc | ||
| 050 | 0 | 0 |
_aRC480.6 _b.M48 2012 |
| 060 | 0 | 0 | _a2011 L-428 |
| 060 | 1 | 0 | _aWM 401 |
| 060 | 4 |
_aWM 401 _bM648f 2012 |
|
| 082 | 0 | 0 |
_a362.104256 _bMIL |
| 100 | 1 |
_aMiller, Geraldine A., _d1955- _921758 |
|
| 245 | 1 | 0 |
_aFundamentals of crisis counseling / _cGeri Miller. |
| 260 |
_aHoboken, N.J. : _bJohn Wiley & Sons, _cc2012. |
||
| 300 |
_axii, 276 p. ; _c24 cm. |
||
| 504 | _aIncludes bibliographical references and indexes. | ||
| 505 | 0 | _aIntroduction/overview -- Crisis theories, domains, and intervention models -- Disaster mental health counseling -- Settings and commonly occurring diagnoses -- Special populations and legal/ethical issues -- Assessment -- Current additional therapies and concepts -- Working with different cultures -- Self-care. | |
| 650 | 0 |
_aCrisis intervention (Mental health services) _921759 |
|
| 650 | 0 |
_aCounseling. _94000 |
|
| 650 | 1 | 2 |
_aCrisis Intervention. _921760 |
| 650 | 2 | 2 |
_aCounseling _xmethods. _94217 |
| 906 |
_a7 _bcbc _corignew _d1 _eecip _f20 _gy-gencatlg |
||
| 942 |
_2ddc _cBK |
||